000 00629nam a2200193 a 4500
001 000033355
005 20240412074257.0
008 110825s1977 dr r 001 p spa d
040 _aDO-SdBNP
_bspa
_cBNPHU
082 _aRD861.44
_bD632v
100 1 _aDobal Márquez, Carlos,
_d1926-2011
_958942
245 1 0 _aVariaciones /
_cCarlos Dobal.
260 _aSantiago de los Caballeros, República Dominicana :
_bImpresora Teófilo,
_c1977.
300 _a34 p. ;
_c22 cm.
590 _aInventariado, 2018/BT
650 0 _aPoesía dominicana
_966
650 0 _aLiteratura dominicana.
_967
910 _aValidado. Control de calidad. EMS
999 _c32846
_d32846